| 000 | 00680nam a2200289Ia 4500 | ||
|---|---|---|---|
| 005 | 20260324123256.0 | ||
| 008 | 008 260324s9999 xx 000 0 eng d | ||
| 020 | _a9781315599052 | ||
| 037 | _aEBOOK | ||
| 040 | _aCRL | ||
| 040 | _beng | ||
| 040 | _cCRL | ||
| 041 | _2eng | ||
| 041 | _aeng | ||
| 084 | _qCRL | ||
| 100 |
_aAnn Christie _91169690 |
||
| 245 | 0 | _aOrdinary Christology | |
| 245 | 0 | _bWho Do You Say I Am? Answers From The Pews | |
| 260 | _bTaylor and Francis | ||
| 260 | _c2012 | ||
| 365 | _a | ||
| 365 | _b240 | ||
| 856 | _uhttp://www.taylorfrancis.com/books/9781315599052 | ||
| 942 | _cEBOOK | ||
| 999 |
_c1763076 _d1763076 |
||